| 000 | 00356nam a22001457a 4500 | ||
|---|---|---|---|
| 005 | 20250602104231.0 | ||
| 008 | 250602b |||||||| |||| 00| 0 eng d | ||
| 020 | _a9780764216244 | ||
| 050 |
_aBV4817 _b.T6 TOZ |
||
| 100 | _aTOZER, W.A | ||
| 245 | _aTHE PURSUIT OF GOD | ||
| 260 |
_aMINNEAPOLIS _bBETHANYHOUSE _cc2013 |
||
| 300 | _a136p | ||
| 942 |
_2lcc _cBK _n0 |
||
| 999 |
_c6122 _d6122 |
||